00441nam a2200181Ia 4500003000400000005001700004008004100021020002200062040000700084041000800091082001900099100001400118245003800132260004100170300001700211365001300228650001800241OSt20230606103543.0210423s2011 xx 000 0 und d a978-93-80833-49-1 cAL aeng a305.40954 KUMC aKUMAR (P) aChanging scenario of women status aNew DelhibGlobal Publicationsc2011 aviii,316bHB b950cINR aWomen Studies